Statistics for Mystery Taylor Swift Song #51

Click here to take the quiz!

General Stats

  • This quiz has been taken 178 times
  • The average score is 102 of 138

Answer Stats

Song% Correct
a
96%
I
96%
(I
96%
the
93%
me
90%
We
90%
you
90%
(you
90%
in
88%
love
88%
To
88%
And
87%
do
87%
my
87%
no
87%
Folklore
86%
I'm
86%
it
86%
on
86%
your
86%
can
85%
who
85%
all
84%
is
84%
not
84%
see
84%
(so
84%
So
84%
thin
84%
this
84%
were
84%
what
84%
You're
84%
am
83%
for
82%
now?
82%
Now
82%
didn't
81%
hear
81%
I've
81%
like
81%
read
81%
With
81%
Of
80%
There
80%
exile
79%
just
79%
out
79%
out)
79%
think
79%
before
77%
but
77%
seen
77%
standin'
77%
anymore
76%
around
76%
around)
76%
at
76%
ending
76%
film
76%
his
76%
seein'
76%
homeland
75%
town
75%
up
75%
defendin'
74%
get
74%
honey
74%
arms
73%
body
73%
he's
73%
never
73%
(never
73%
time
73%
took
73%
right
72%
starin'
72%
funny
71%
joke's
71%
minutes
71%
us
71%
whole
71%
amount
70%
bloody
70%
even
70%
five
70%
Laughin'
70%
leave
70%
understudy
70%
you'd
70%
cryin'
69%
crown
68%
door
68%
gave
68%
knuckles
68%
line
68%
many
68%
mind)
68%
mind
68%
problem
68%
step
68%
very
68%
here
67%
leavin'
67%
pack
67%
side
67%
walked
67%
always
66%
sign
66%
sign)
66%
chances
65%
learned
65%
offending
65%
Second
65%
signs
65%
signs)
65%
third
65%
things
64%
warning
64%
eyes
63%
Those
63%
breaking
62%
Balancin'
61%
'Cause
61%
couldn't
61%
hall
61%
injury
61%
turn
61%
insult
60%
add
59%
turned
59%
hundredth
58%
Holdin'
57%
leaving
57%
branches
56%
Hoo
54%
hoo-ooh
54%
defending
50%

Score Distribution

Percentile by Number Answered

Percent of People with Each Score

Your Score History

You have not taken this quiz